000 00565nam a2200205Ia 4500
005 20250326144859.0
008 250326s9999 xx 000 0 und d
020 _a0-324-27302-9
037 _aTextbook
040 _aFMSL
_beng
_cFMSL
041 _aeng
_2eng
084 _aX:8obP:28 P5
_qFMSL
100 _aStrong R A
_9741927
245 0 _aDerivatives : introduction
_cStrong R A
250 _a2
260 _aUnited Kingdom
_bUnited Kingdom, Thomson
_c2005
300 _axviii,397
942 _cTB
_hX:8obP:28 P5
999 _c1305441
_d1305441